Arishe papirn / (Record no. 31465)

MARC details
000 -LEADER
fixed length control field 00831cam a22002651i 4500
001 - CONTROL NUMBER
control field he 66000166
003 - CONTROL NUMBER IDENTIFIER
control field DLC
005 - DATE AND TIME OF LATEST TRANSACTION
control field 20260227111435.0
008 - FIXED-LENGTH DATA ELEMENTS--GENERAL INFORMATION
fixed length control field 861009s1955 ag 000 0 yid
010 ## - LIBRARY OF CONGRESS CONTROL NUMBER
LC control number he 66000166
035 ## - SYSTEM CONTROL NUMBER
System control number (OCoLC)19303775
040 ## - CATALOGING SOURCE
Original cataloging agency DLC
Transcribing agency MH
Modifying agency DLC
042 ## - AUTHENTICATION CODE
Authentication code premarc
050 00 - LIBRARY OF CONGRESS CALL NUMBER
Classification number D810.J4
Item number B6
100 1# - MAIN ENTRY--PERSONAL NAME
Personal name Borwicz, Michał.
245 10 - TITLE STATEMENT
Title Arishe papirn /
Statement of responsibility, etc. hagdome: Yaḳov Paṭ.
260 ## - PUBLICATION, DISTRIBUTION, ETC.
Place of publication, distribution, etc. Buenos Ayres :
Name of publisher, distributor, etc. Tsenṭral-farband fun Poylishe Yidn in Argenṭine,
Date of publication, distribution, etc. 715, 1955.
300 ## - PHYSICAL DESCRIPTION
Extent 3 v. :
Other physical details port. ;
Dimensions 21 cm.
490 0# - SERIES STATEMENT
Series statement Dos Poylsihe Yidnṭum ;
Volume/sequential designation bd. 105-107
500 ## - GENERAL NOTE
General note Added t.p.: Documentos "arios."
650 #0 - SUBJECT ADDED ENTRY--TOPICAL TERM
Topical term or geographic name entry element World War, 1939-1945
General subdivision Personal narratives, Jewish.
700 1# - ADDED ENTRY--PERSONAL NAME
Personal name Pat, Jacob,
Dates associated with a name 1890-1966.
740 0# - ADDED ENTRY--UNCONTROLLED RELATED/ANALYTICAL TITLE
Uncontrolled related/analytical title Documentos arios.
752 ## - ADDED ENTRY--HIERARCHICAL PLACE NAME
Country or larger entity Argentina
City Buenos Aires

No items available.

Powered by Koha